banner-ar

الحياة ما هى ؟ / (Record no. 63434)

MARC details
000 -الفاتح
حقل البيانات ثابتة الطول 01097nam a22002897a 4500
005 - وقت وتاريخ اخر تعامل مع التسجيلة
رقم الضبط 20240530110640.0
008 - عناصر البيانات ثابتة الطول - معلومات عامة
حقل البيانات ثابتة الطول 150331s2007 ua ao a 000 0 ara d
017 ## - رقم الايداع القانونى
رقم الايداع القانونى 2006/17871
المصدر ( الهيئة المختصة) مصر . دار الكتب المصرية
020 ## - الرقم الدولى المعيارى للكتب
الرقم الدولى المعيارى للكتاب 9770918008
040 ## - مصدر الفهرسة
وكالة الفهرسة الأصلية EG-CaGPL
082 04 - رقم تصنيف ديوى العشرى
رقم الطبعة 21
رقم التصنيف 001.2
رقم المادة ط/ب ف
100 1# - المدخل الرئيسى - إسم شخصى
الإسم الشخصى برينيفييه ، اوسكار
245 12 - بيان العنوان
العنوان الحياة ما هى ؟ /
بيان المسئوليه,etc تاليف اوسكار برينيفييه ؛ رسوم ريمى كورجون ؛ ترجمة ميريام رزق الله
250 ## - بيان الطبعة
بيان الطبعة ط. 1
260 ## - PUBLICATION, DISTRIBUTION, ETC. (IMPRINT)
تاريخ النشر أو التوزيع 2007.
300 ## - الوصف المادى
التعداد 96 ص :
تفاصيل ماديه اخرى للوعاء صور ؛
أبعاد الوعاء 19 سم.
490 ## - بيان السلسلة
عنوان السلسلة الفيلسوف الصغير
650 04 - المدخل الاضافى بالموضوع-مصطلح موضوعى
مصطلح موضوعي كتب الاطفال
650 04 - المدخل الاضافى بالموضوع-مصطلح موضوعى
مصطلح موضوعي تعليم الاطفال
650 04 - المدخل الاضافى بالموضوع-مصطلح موضوعى
مصطلح موضوعي المعرفة
التقسيم الفرعي العام كتب اطفال
650 04 - المدخل الاضافى بالموضوع-مصطلح موضوعى
مصطلح موضوعي الفن
التقسيم الفرعي العام كتب اطفال
650 04 - المدخل الاضافى بالموضوع-مصطلح موضوعى
مصطلح موضوعي الجمال
التقسيم الفرعي العام كتب اطفال
700 1# - المدخل الاضافى - اسم شخصى
الإسم الشخصى كورجون ، ريمى
الدور رسام
700 0# - المدخل الاضافى - اسم شخصى
الإسم الشخصى ميريام رزق الله
الدور مترجم
942 ## - عناصر المدخل الإضافي( كوها)
مصدر التصنيف او مخطط الترفيف Dewey Decimal Classification
Koha [default] item type كتاب
260 ## - PUBLICATION, DISTRIBUTION, ETC. (IMPRINT)
-- القاهرة :
-- دار الشروق ،
Holdings
حالة التراجع حالة الفقد حالة تلف ليس للاعارة المكان المؤقت الموقع الحالى موقع الترفيف تاريخ الاكتساب اجمالي اﻻعارات رقم الطلب الباركود تاريخ اخر مشاهدة تاريخ تفعيل السعر نوع وعاء كوها
        مكتبة القاهرة الكبرى مكتبة القاهرة الكبرى   10/15/2017   001.2 ط/ب ف 163453 10/15/2017 10/15/2017 كتاب

Powered By

EGPV